User interface for working with data outputs from the eye-tracker

Uložené v:
Podrobná bibliografia
Hlavný autor: Pakán, Matej (Autor)
Ďalší autori: Laco, Miroslav (Vedúci práce)
Médium: Rukopis Kniha
Jazyk:Slovak
English
Vydavateľské údaje: 2023
Predmet:
On-line prístup:http://is.stuba.sk/zp/portal_zp.pl?podrobnosti=162721
Tagy: Pridať tag
Žiadne tagy, Buďte prvý, kto otaguje tento záznam!

MARC

LEADER 00000ntm a22000003a 4500
001 stuzp92481
003 SK-STU
005 20230909213320.4
007 ta
008 150427s2015----xo-----f-mn---000-0-slo-d
040 |a STU  |b slo 
041 0 |a eng 
100 1 |a Pakán, Matej  |u 070400  |4 aut  |U FIIT Fakulta informatiky a informačných technológií  |T FIIT Ústav počítačového inžinierstva a aplikovanej informatiky  |X 110867  |U I400  |Y 672  |7 110867 
242 0 1 |a Používateľské rozhranie pre prácu s dátami zo sledovača pohľadu  |y slo 
245 1 0 |a User interface for working with data outputs from the eye-tracker 
260 |c 2023 
650 4 |a Vizuálna pozornosť  |2 slo 
650 4 |a Používateľská skúsenosť  |2 slo 
650 4 |a Snímanie pohybu očí  |2 slo 
650 4 |a User experience  |2 eng 
650 4 |a Eye-tracking  |2 eng 
650 4 |a Visual attention  |2 eng 
700 1 |a Laco, Miroslav  |u 070400  |k Z1  |4 ths  |U FIIT Fakulta informatiky a informačných technológií  |T FIIT Ústav počítačového inžinierstva a aplikovanej informatiky  |X 72202  |U I400  |Y 672  |7 72202 
856 4 |u http://is.stuba.sk/zp/portal_zp.pl?podrobnosti=162721